Η επίδραση της χριστιανικής έννοιας της λύτρωσης και της σωτηρίας στην μουσική του Nick Cave : μια κοινωνιολογική ανάλυση βασισμένη στην θεωρία του θυσιαστικού μηχανισμού του Rene Girard : πτυχιακή εργασία

Η θρησκευτική πίστη αποτελεί ένα σημαντικό κομμάτι της ζωής του σύγχρονου ανθρώπου, στις Δυτικές αλλά και όχι μόνο, κοινωνίες. Οι άνθρωποι έχουν την ανάγκη μιας υπερβατικής, ανώτερης από τους ίδιους ελπίδας, αναζητούν απαντήσεις για μυστήρια όπως αυτό του θανάτου και του πόνου, ενώ ελπίζουν πως μέσω...

Πλήρης περιγραφή

Αποθηκεύτηκε σε:
Λεπτομέρειες βιβλιογραφικής εγγραφής
Κύριος συγγραφέας: Βούλγαρη, Μαρία
Συγγραφή απο Οργανισμό/Αρχή: Πανεπιστήμιο Αιγαίου. Σχολή Κοινωνικών Επιστημών. Τμήμα Κοινωνιολογίας
Μορφή: Thesis Βιβλίο
Γλώσσα:Greek
Δημοσίευση: 2014.
Θέματα:
Διαθέσιμο Online:http://hdl.handle.net/11610/7674
Ετικέτες: Προσθήκη ετικέτας
Δεν υπάρχουν, Καταχωρήστε ετικέτα πρώτοι!

MARC

LEADER 00000cam a2200000 a 4500
001 1/106243
008 150505s2014####gr | ||| ||| ||gre||
040 |a GR-MyUa  |b gre  |c GR-MyUa  |e AACR2 
041 0 |a gre 
082 7 |a 780.7   |2 (23)  
100 1 |a Βούλγαρη, Μαρία. 
245 1 0 |a Η επίδραση της χριστιανικής έννοιας της λύτρωσης και της σωτηρίας στην μουσική του Nick Cave :   |b μια κοινωνιολογική ανάλυση βασισμένη στην θεωρία του θυσιαστικού μηχανισμού του Rene Girard : πτυχιακή εργασία /   |c Βούλγαρη Μαρία ; επιβλέπων Μαραγκουδάκης Μανούσος.  
260 |c 2014.  
300 |a [χ. α.] ;   |c 24 εκ.  
502 |a Πτυχιακή εργασία – Πανεπιστήμιο Αιγαίου, Λέσβος, 2014. 
504 |a Περιλαμβάνει βιβλιογραφία.  
506 1 |a Ηλεκτρονική διάθεση στο πλήρες κείμενο - περιορισμένης πρόσβασης.  
520 |a Η θρησκευτική πίστη αποτελεί ένα σημαντικό κομμάτι της ζωής του σύγχρονου ανθρώπου, στις Δυτικές αλλά και όχι μόνο, κοινωνίες. Οι άνθρωποι έχουν την ανάγκη μιας υπερβατικής, ανώτερης από τους ίδιους ελπίδας, αναζητούν απαντήσεις για μυστήρια όπως αυτό του θανάτου και του πόνου, ενώ ελπίζουν πως μέσω των τελετουργικών λατρευτικών πρακτικών τους και του ενάρετου βίου, απαλλαγμένου από πειρασμούς θα ανταμειφθούν από τον Θεό, ο οποίος θα τους προφέρει την λύτρωση, μετά το τέλος της θνητής ζωής τους.Η συγκεκριμένη εργασία εστιάζει, στον τρόπο με τον οποίο παρουσιάζεται η έννοια της λύτρωσης στους στίχους των τραγουδιών του Nick Cave. Βασικά χαρακτηριστικά στην μουσική του, αποτελούν ο έρωτας, ο πόνος, η απώλεια, η βία και ο θάνατος. Το έργο του Nick Cave, είναι επηρεασμένο σε μεγάλο βαθμό από τα Βιβλικά κείμενα, ενώ οι απόψεις του για τον Θεό και την θρησκεία, δεν είναι ιδιαίτερα συνηθισμένες για έναν πιστό. Αν και στα βασικά χαρακτηριστικά του Χριστιανισμού, περιλαμβάνεται ο εξής κανόνας: «η δημιουργία ενός συνόλου ηθικών αρχών, καθώς και η αυστηρή τήρηση τους από τους πιστούς», ο Nick Cave δεν δείχνει να επηρεάζεται. Έχει αποκαλύψει πως όχι μόνο δεν ακολουθεί κανένα ηθικό κανόνα που επιβάλλει ο θεσμοθετημένος Χριστιανισμός, αλλά νιώθει έντονη δυσαρέσκεια για αυτούς. Παρόλα αυτά, η ανάγνωση της Παλαιάς και της Καινής διαθήκης, έχει συμβάλλει σημαντικά στην δημιουργία της τεκμηριωμένης και ιδιοσυγκρασιακής πίστης του, η οποία ωστόσο, βασίζεται στην αμφιβολία.  
540 |a Κλειδωμένη η δυνατότητα αντιγραφής (copy) από το ηλεκτρονικό κείμενο.  
650 0 |a Music  |x Religious aspects. 
650 0 |a Music  |x Social aspects. 
700 1 |a Μαραγκουδάκης, Μανούσος Ε.  |e dgs 
710 2 |a Πανεπιστήμιο Αιγαίου.   |b Σχολή Κοινωνικών Επιστημών.   |b Τμήμα Κοινωνιολογίας. 
852 |a INST  |b LESVOS  |c DIATR  |e 20150508  |h 505  |p 005100056515  |q 005100056515  |t DIE  |y 23 
852 |a INST  |b LESVOS  |c DIATR  |e 20150508  |h 506  |p 005100056516  |q 005100056516  |t DIE  |y 23 
856 |u http://hdl.handle.net/11610/7674 
924 |a Βούλγαρη  |b Μαρία  |y Λέσβος  |z 2014-04 
970 |a Τζαφέρη  |b Ευαγγελία  |z 2015-05-08